Statistics for Biggest Cities in Asia on a Map - with Exceptions

Click here to take the quiz!

General Stats

  • This quiz has been taken 1,368 times
    (1,339 since last reset)
  • The average score is 27 of 30

Answers on the Map

Answers color-coded by a green-red scale on the quiz's map according to % correct below.
 

Answer Stats

PopulationCity% Correct
40.5 mTokyo
100%
19.4 mBangkok
99%
5.70 mDubai
99%
16.2 mIstanbul
99%
25.0 mSeoul
99%
15.5 mTehran
99%
5.15 mAnkara
98%
32.1 mJakarta
98%
26.3 mManila
98%
7.15 mBaghdad
97%
17.7 mOsaka
97%
8.40 mRiyadh
97%
9.15 mTaipei
97%
20.3 mDhaka
96%
10.6 mHo Chi Minh City
96%
4.48 mKabul
96%
9.15 mKuala Lumpur
96%
7.90 mSingapore
95%
18.2 mKarachi
94%
4.50 mKuwait City
94%
5.70 mAmman
92%
4.83 mColombo
91%
13.5 mLahore
88%
4.08 mBusan
87%
5.15 mJeddah
87%
5.75 mYangon
82%
10.5 mNagoya
80%
5.00 mChittagong
70%
6.15 mSurabaya
63%
7.05 mBandung
62%

Score Distribution

Percentile by Number Answered

Percent of People with Each Score

Your Score History

You have not taken this quiz since the last reset